| 000 | 00950nam a2200205Ia 4500 | ||
|---|---|---|---|
| 999 |
_c50839 _d50839 |
||
| 001 | 17793 | ||
| 003 | GE_BSU | ||
| 005 | 20200224143656.0 | ||
| 008 | 181216s1985en xx |||||||||||||| ||eng|| | ||
| 040 | _cGE_BSU | ||
| 041 | _aeng | ||
| 080 | _a353.03(73)P-97 | ||
| 245 |
_aPublic papers of the presidents of the United States Ronald Reagan. 1983 _b1983 (in two books). book II-jule 2 to december 31, 1983 |
||
| 264 |
_aWashington : _bUnited States government printing office, _c1985. |
||
| 300 |
_a1809 p.: _b ill ; _c26 cm. |
||
| 653 | _aPublic papers of the presidents of the United States Ronald Reagan | ||
| 653 | _aშეერთებული შტატების პრეზიდენტების რონალდ რეიგანის საჯარო ფურცლები | ||
| 653 | _aსახელმწიფო ადმინისტრაციული მმართველობა | ||
| 942 |
_cBK _2udc |
||